Civilisations Age of Empires I - Statistiques

Statistiques générales
  • Ce quiz a été pris 35 fois
  • Le résultat moyen est 9 sur 16
Statistiques - réponses
Architecture Civilisations % Correct
Grecque Grecs
93%
Romaine Romains
93%
Égyptienne Égyptiens
82%
Babylonienne Perses
82%
Babylonienne Babyloniens
68%
Romaine Carthaginois
68%
Grecque Pheniciens
64%
Égyptienne Assyriens
57%
Babylonienne Hittites
54%
Romaine Macédoniens
54%
Asie de l'est Yamato
46%
Asie de l'est Choson
43%
Égyptienne Sumeriens
43%
Grecque Minoens
36%
Romaine Palmyriens
21%
Asie de l'est Shang
14%
Aucun quiz correspondant
Distribution des résultats
% des personnes avec chaque résultat
Percentile par nombre de réponses
Votre historique - résultats
Vous n’avez pas pris ce quiz